000 00718nam a22001695i 4500
001 160845
003 ES-MaACL
005 20230906212135.0
008 950206s1880 sp |||| | spa d
040 _aGA
_bspa
_cCCPB | PA2
100 1 _aNúñez Forcelledo, Benito.
_9130568
245 1 0 _aProlegómenos del derecho o Introtrucción a los estudios jurídicos /
_cpor Benito Núñez Forcelledo.
260 _aSantiago de Compostela :
_b[s.n.],
_c1880 (
_fImp. de El Boletín Eclesiástico, a cargo de D. Andrés Fraile)
300 _a271 p. ;
_c22 cm.
740 1 0 _aIntroducción a los estudios jurídicos.
852 _aES-MaACL
_jT-432-F-17
_z-- Enc. hol.
_q-- Falto de la cub. originial
_z-- Enc. en un vol. facticio
999 _c160845
_d160845